000 00714nam a2200217 a 4500
001 000007604
005 20200929154229.0
008 090909s2000 dr ad 001 0 spa d
040 _aDO-SdBNP
082 _aXXX
_bC160n
100 1 _aCanario L., Mauro
_921081
245 1 0 _aNotaciones básicas para dirigentes /
_cMauro Canario L. ; prólogo Rafael Valdez.
250 _a2a. ed.
260 _aSanto Domingo :
_bUniversitaria,
_c2000.
300 _a227 p. :
_bil., gráf. ;
_c21 cm.
500 _aIncluye datos biográficos del autor en la solapa
500 _aIncluye notas al pie de las páginas
504 _aIncluye bibliografía (p. 225 - 227)
700 1 _aValdez, Rafael
_epról.
_921082
049 _aBNPD
999 _c7384
_d7384